Success form the start : business principle for massage therapists

-д хадгалсан:
Номзүйн дэлгэрэнгүй
Үндсэн зохиолч: KOERNER, Debra
Формат: Ном
Хэл сонгох:англи
Хэвлэсэн: F. A. Davis 2013
Шошгууд: Шошго нэмэх
Шошго байхгүй, Энэхүү баримтыг шошголох эхний хүн болох!

MARC

LEADER 00000nam a22000007a 4500
008 210706b ||||| |||| 00| 0 eng d
020 |a 9780803625754 
100 |a KOERNER, Debra 
245 |a Success form the start  |b : business principle for massage therapists  |c Debra Koerner  |g xxv, 402p.;ill. 
260 |b F. A. Davis  |c 2013  |h philadelphia  |i 696418  |i 696419  |l RM722  |m Massage-organization & administration  |m Career Choice  |m Marketing of Health Service-methods  |m Professional Practice-organization & administration 
500 |a It includes bibliographies and index 
942 |a lcc  |c BK  |e Kuteyi, M. A.  |f 6/7/2021 
952 |0 0  |1 0  |2 lcc  |4 0  |6 RM0722 K81  |7 0  |9 2718  |a HOL  |b HOL  |c QZ  |d 2021-07-06  |l 0  |o RM722.K81  |p 2021-6563  |r 2021-07-06 00:00:00  |w 2021-07-06  |y BK 
952 |0 0  |1 0  |2 lcc  |4 0  |6 RM0722 K81  |7 0  |9 2719  |a HOL  |b HE  |c QZ  |d 2021-07-06  |l 0  |o RM722.K81  |p 2021-6564  |r 2021-07-06 00:00:00  |w 2021-07-06  |y BK 
999 |c 1416  |d 1416